000 00427cam a2200169 4500
001 D14072
008 090401t1933 xxu||||| |||| 00| 0 eng d
035 _a(Sirsi) u13340
041 _aeng
100 _aTottenham, Clive G
245 _aDe-rating Appeals
260 _aLondon
_bRating and Income Tax
_c1933
350 _a0
520 _aShelf 136 ;Vol.IV November 1932 to December 1933
942 _n0
948 _c04/03/1997
999 _c87087
_d87087